| 000 | 00563nam a22001697a 4500 | ||
|---|---|---|---|
| 003 | MACL | ||
| 005 | 20160727151232.0 | ||
| 008 | 160727b xxu||||| |||| 00| 0 eng d | ||
| 040 | _cMACL | ||
| 041 | _aHindi | ||
| 082 | _a891.433 TIW | ||
| 100 |
_aतिवारी, राधेश्याम _956366 |
||
| 245 |
_aगालिब की मॉ _cराधेश्याम तिवारी |
||
| 260 |
_aनई दिल्ली _bसंजना प्रकाशन _c2015 |
||
| 650 |
_aकहानियॉ _965512 |
||
| 942 |
_2ddc _cHIN |
||
| 999 |
_c55129 _d55129 |
||